000 00625nam a2200241Ia 4500
003 OSt
005 20220918204326.0
006 a|||||r|||| 00| 0
007 ta
008 220917b |||||||| |||| 00| 0 eng d
024 _a112,107
037 _cTextual
040 _aARTS
_cARTS
_beng
041 _2eng
_aeng
082 _aV55y7M84, L9
100 _aHitler Bridget
_9111556
245 0 _aMemories Ed by Michael Unger
260 _aLondon
_bDuckworth
_c1979
300 _a192p. illus
_ccm.
650 _aHISTORY
942 _hV55y7M84, L9
_cTEXL
_2CC
999 _c235456
_d235456